Guess the Lyrics #38 - Statistics

General Stats
  • This quiz has been taken 2,419 times
    867 since last reset
  • The average score is 90 of 228
Answer Stats
Lyrics % Correct
a
97%
you
94%
'n'
91%
the
91%
he
80%
and
76%
when
75%
When
75%
on
74%
to
74%
is,
72%
Do
71%
do
71%
it
71%
In
69%
your
69%
A-ha
65%
So
62%
What
62%
Then
60%
Are
57%
are
57%
for
55%
That
54%
that
54%
time
49%
will
46%
have
45%
his
44%
It's
43%
him
38%
up
38%
day?
34%
here
34%
just
34%
with
34%
now
31%
has
30%
every
29%
Does
28%
down
28%
got
26%
Look
26%
been
23%
only
22%
head
21%
rock
20%
you've
20%
sure
18%
sees
16%
always
15%
she's
15%
tell
15%
best?
13%
made?
12%
start
11%
fall?
10%
rolling
10%
begun
8%
daddy
8%
future
8%
having
8%
keep
8%
old
8%
red
8%
waiting
8%
Christmas
7%
fun
7%
inside?
7%
mama
7%
Merry
7%
ride
6%
Santa
6%
wall?
6%
Everybody's
5%
family
5%
hanging
5%
rest
5%
snow
5%
ball
4%
land
4%
nosed
4%
reindeer?
4%
sleigh?
4%
stocking
4%
ya
4%
arrive?
3%
Claus?
3%
hoping
3%
kissing
3%
Merry Xmas Everybody - Slade
3%
room
3%
songs
3%
upon
3%
fairies
2%
granny
2%
hillside
2%
sleighed
2%
sober
2%
spare
2%
buggy
1%
ton-up
1%
No matching quizzes found
Score Distribution
Percent of People with Each Score
Percentile by Number Answered
Your Score History
You have not taken this quiz since the last reset